Statistiques concernant Que s'est-il passé un 17 mars?

Cliquez ici pour prendre le quiz!

Statistiques générales

  • Ce quiz a été pris 33 fois
  • Le résultat moyen est 11 sur 16

Statistiques - réponses

AnnéeIndiceRéponse% Correct
1808Napoléon Ier invente ce diplôme de fin de secondaireBaccalauréat
100%
1992Afrique du Sud: référendum pour abolir cette idéologieApartheid
90%
1938Francisco Franco fait bombarder cette grande villeBarcelone
87%
1911Dans ce pays, une loi est votée pour interdire les fumeries d'opiumChine
87%
1813La Prusse déclare la guerre à ce paysFrance
87%
1883Obsèques à Londres de cet auteur communisteKarl Marx
83%
1825Une partie de l'île d'Hispaniola déclare son indépendance et devient ce paysRépublique dominicaine
73%
1800Ce scientifique italien essaye avec succès la première pileAlessandro Volta
70%
1968Les américains tentent de trouver le responsable du massacre de Mỹ Lai, survenu dans ce pays le 16 mars 1968Viêt Nam
70%
1959Ce chef spirituel fuit en IndeDalaï-lama
67%
1526Ce roi de France est libéré par les ImpériauxFrançois Ier
60%
1981Des habitants de ce pays tentent de se réfugier au Honduras mais sont pourchasées par l'aviationSalvador
60%
1848Dans cette ville, un soulèvement a lieu contre les autrichiens aboutissant à la création de la République de Saint-MarcVenise
60%
1776Ce général américain arrive à faire évacuer BostonGeorge Washington
47%
1985Un séisme touche ce pays, le troisième pour lui cette année-làChili
30%
1977Ce pays envahit le Zaïre et occupe la ville minière de KolweziAngola
27%

Distribution des résultats

Percentile par nombre de réponses

% des personnes avec chaque résultat

Votre développement - résultats

Vous n’avez pas pris ce quiz